• 首页
  • 本馆介绍
  • 公告通知
  • 最新文献
  • 馆藏检索
  • 电子资源
  • 读者导购
  • 参考咨询
  • 我的图书馆
  • 登录
  • 详细信息显示
  • 放入我的书架
  • 预约/预借图书
  • 作者相关作品
  • 分类相关作品
  • 丛书相关作品
  • 出版社相关作品

书目信息

  • 表格格式
  • 工作单格式
  • 卡片格式
题名:
我在台湾教语文
    
 
作者: 高诗佳 著
分册: 7   逆向思考读寓言
出版信息: 北京   台海出版社  2019.2
页数: 12, 238页
开本: 21cm
丛书名: 最美汉语
单 册:
中图分类: G633.302 , G633.332
科图分类:
主题词: 语文课--中小学--教学法 , 阅读课--中小学--教学法
电子资源:
ISBN: 978-7-5168-0560-2
000 01155nam 2200349 45
001 012001002325
005 20210923092532.28
010    @a978-7-5168-0560-2@dCNY29.80
099    @aCAL 012015130040
100    @a20150702d2015 de y0chiy0110 ea
101 0  @achi
102    @aCN@b110000
105    @aa z 000yy
106    @ar
200 1  @a我在台湾教语文@Awo zai tai wan jiao yu wen@h7@i逆向思考读寓言@f高诗佳著
210    @a北京@c台海出版社@d2019.2
215    @a12, 238页@c图@d21cm
225 2  @a最美汉语@Azui mei han yu
300    @a带你感受文化的、自由的、承前启后的语文教育
300    @a其他题名:逆向思考读寓言
306    @a五南图书出版股份有限公司授权
330    @a作者从经典寓言中挑选了59篇进行小说式的铺叙与改写,帮助孩子在了解传统解读之外,更能跳脱框架,在对寓言的阅读中培养出真正的自主思考力。
410  0 @12001 @a最美汉语
461  0 @12001 @a最美汉语
517 1  @a逆向思考读寓言
606 0  @a语文课@x中小学@x教学法
606 0  @a阅读课@x中小学@x教学法
690    @aG633.302@v5
690    @aG633.332@v5
701  0 @a高诗佳@Agao shi jia@4著
801    @aCN@bAHXH@c20210922
905    @b1281603-7@dG633.302@e899:7@f5
    
    我在台湾教语文.7.逆向思考读寓言/高诗佳著.-北京:台海出版社,2019.2
    12, 238页:图;21cm.-(最美汉语)
    带你感受文化的、自由的、承前启后的语文教育.-其他题名:逆向思考读寓言
    
    ISBN 978-7-5168-0560-2:CNY29.80
    作者从经典寓言中挑选了59篇进行小说式的铺叙与改写,帮助孩子在了解传统解读之外,更能跳脱框架,在对寓言的阅读中培养出真正的自主思考力。
●
相关链接 在E读中查询图书 在五车中查询图书 在当当中查询图书 在豆瓣中查询图书


正题名:我在台湾教语文     索取号:G633.302/899:7         预约/预借

序号 登录号 条形码 馆藏地/架位号 状态 备注
1 1281603   212816032   第一样本阅览室/ [索取号:G633.302/899:7] 在馆    
2 1281604   212816041   教育系资料室/ [索取号:G633.302/899:7] 在馆    
3 1281605   212816050   教育系资料室/ [索取号:G633.302/899:7] 在馆    
4 1281606   212816069   第四借阅区/ [索取号:G633.302/899:7] 在馆    
5 1281607   212816078   第四借阅区/ [索取号:G633.302/899:7] 在馆    
唐山师范学院图书馆 欢迎您!
大连网信软件有限公司© 版权所有